[Event "Global Chess League"]
[Site "Dubai"]
[Date "2023.06.26"]
[Round "6.5"]
[White "Batsiashvili, Nino"]
[Black "Paehtz, Elisabeth"]
[Result "1-0"]
[WhiteElo "2470"]
[BlackElo "2477"]
[PlyCount "69"]
[EventDate "2023.06.22"]
[EventType "team-tourn (rapid)"]
[EventRounds "10"]
[EventCountry "UAE"]
[SourceTitle "CBM 215 Extra"]
[Source "ChessBase"]
[SourceDate "2023.09.30"]
[SourceVersion "1"]
[SourceVersionDate "2023.09.30"]
[SourceQuality "1"]
[WhiteTeam "Balan Alaskan Knights"]
[BlackTeam "SG Alpine Warriors"]
[WhiteTeamCountry "IND"]
[BlackTeamCountry "IND"]

1. d4 e6 2. c4 Bb4+ 3. Bd2 a5 4. e4 d5 5. cxd5 exd5 6. e5 c5 7. f4 cxd4 8. Nf3 Nc6 9. Bd3 Nge7 10. a3 Bxd2+ 11. Nbxd2 Nf5 12. Qe2 Qb6 13. 0-0 Ne3 14. Rfe1 Bf5 15. Bxf5 Nxf5 16. Qd3 g6 17. e6 0-0 18. exf7+ Rxf7 19. Ng5 Rf6 20. Ndf3 h6 21. Ne5 hxg5 22. Nd7 Qd8 23. Re8+ Qxe8 24. Nxf6+ Kg7 25. Nxe8+ Rxe8 26. fxg5 Nd6 27. Rf1 Re3 28. Qd1 Nf5 29. Qc2 d3 30. Qc5 Ncd4 31. g4 Ne6 32. Qxd5 Nfd4 33. Qd7+ Kh8 34. Qe8+ Kh7 35. Rf7+ 1-0

[Event "Global Chess League"]
[Site "Dubai"]
[Date "2023.06.23"]
[Round "2.5"]
[White "Paehtz, Elisabeth"]
[Black "Khotenashvili, Bela"]
[Result "0-1"]
[WhiteElo "2477"]
[BlackElo "2470"]
[PlyCount "138"]
[EventDate "2023.06.22"]
[EventType "team-tourn (rapid)"]
[EventRounds "10"]
[EventCountry "UAE"]
[SourceTitle "CBM 215 Extra"]
[Source "ChessBase"]
[SourceDate "2023.09.30"]
[SourceVersion "1"]
[SourceVersionDate "2023.09.30"]
[SourceQuality "1"]
[WhiteTeam "SG Alpine Warriors"]
[BlackTeam "Ganges Grandmasters"]
[WhiteTeamCountry "IND"]
[BlackTeamCountry "IND"]

1. d4 Nf6 2. c4 g6 3. g3 Bg7 4. Bg2 0-0 5. Nc3 Nc6 6. e3 d6 7. Nge2 e5 8. d5 Nb8 9. 0-0 a5 10. Rb1 Nh5 11. a3 f5 12. f4 Nd7 13. b4 axb4 14. axb4 Re8 15. Qd3 Nhf6 16. Bd2 Qe7 17. Nb5 Ra2 18. Nec3 Rxd2 19. Qxd2 Nb6 20. Qd3 e4 21. Qe2 c6 22. dxc6 bxc6 23. Nd4 Bd7 24. Rfc1 Ng4 25. Rd1 Qf7 26. Bf1 d5 27. cxd5 cxd5 28. h3 Nf6 29. Qa6 Rb8 30. Rbc1 Bf8 31. b5 Bc8 32. Qa2 Ra8 33. Qd2 Bb7 34. Ra1 Bc5 35. Rxa8+ Bxa8 36. Ra1 Qe7 37. Na4 Nxa4 38. Rxa4 Bb7 39. Be2 Qd6 40. Kf2 h5 41. Qc3 Nd7 42. Ra1 Kf7 43. Rc1 Bb6 44. Nc6 h4 45. g4 Qxf4+ 46. Ke1 Bxe3 47. Rb1 Qg3+ 48. Kd1 Qg1+ 49. Kc2 Qf2 50. Re1 d4 51. Qc4+ Kg7 52. Kd1 d3 53. Qc3+ Nf6 54. gxf5 dxe2+ 55. Rxe2 Qf1+ 56. Qe1 Qxe1+ 57. Kxe1 Bf4 58. fxg6 Kxg6 59. Na5 Bd5 60. b6 e3 61. Rb2 Bf3 62. Kf1 Ne4 63. b7 e2+ 64. Rxe2 Ng3+ 65. Kf2 Bxe2 66. Nc6 Bf1 67. Kf3 Bc7 68. Kg4 Nf5 69. b8Q Be2# 0-1

[Event "Saint Louis Cairns Cup (Women) 3rd"]
[Site "Saint Louis"]
[Date "2023.06.09"]
[Round "6"]
[White "Paehtz, Elisabeth"]
[Black "Dzagnidze, Nana"]
[Result "1-0"]
[WhiteElo "2479"]
[BlackElo "2513"]
[PlyCount "99"]
[EventDate "2023.06.03"]
[EventType "tourn"]
[EventRounds "9"]
[EventCountry "USA"]
[EventCategory "10"]
[SourceTitle "CBM 214 Extra"]
[Source "ChessBase"]
[SourceDate "2023.07.31"]
[SourceVersion "1"]
[SourceVersionDate "2023.07.31"]
[SourceQuality "1"]

1. e4 c5 2. Nf3 d6 3. d4 cxd4 4. Nxd4 Nf6 5. Nc3 g6 6. Be3 Bg7 7. f3 0-0 8. Bc4 Nc6 9. Qd2 Nxd4 10. Bxd4 Be6 11. Bb3 Qa5 12. 0-0 Rfc8 13. Rad1 Nd7 14. Bxg7 Kxg7 15. f4 Bxb3 16. axb3 Qc5+ 17. Rf2 Nf6 18. Qe2 Rd8 19. Rd3 h5 20. h3 a6 21. Nd5 e6 22. b4 Qb5 23. Nc7 Qxb4 24. Nxa8 Rxa8 25. c3 Qxe4 26. Rxd6 h4 27. Rd4 Qf5 28. Qe5 Rc8 29. Qxf5 gxf5 30. Rfd2 a5 31. Ra4 Rc5 32. Rd1 Ne4 33. Ra2 b6 34. Rd4 Rb5 35. Kf1 Kf6 36. Ke2 Ke7 37. Rd3 f6 38. b4 Nd6 39. Rad2 Nf7 40. bxa5 Rxa5 41. Rd7+ Ke8 42. Rb7 Rc5 43. Rxb6 Rxc3 44. Rxe6+ Kf8 45. Rd7 Rg3 46. Rxf6 Rxg2+ 47. Kf3 Rg3+ 48. Kf2 Rg7 49. Rxf5 Kg8 50. Rdxf7 1-0